000 00554nam a2200181Ia 4500
999 _c32047
_d32047
003 OSt
005 20200804133019.0
008 190216s9999||||xx |||||||||||||| ||und||
020 _a9788120311244
040 _coclc
082 _a519.52
_bMUK/T
100 _aMukhopadhyay, Parimal
_93954
245 0 _aTheory And Methods Of Survey Sampling /
_cParimal Mukhopadhyay
260 _bPrentice Hall Of India Pvt Ltd,
_aNew Delhi:
_c2005.
300 _a483p
650 _aMathematics
942 _cBK
_2ddc
_h519.52
_iMUK/T
_k519.52
_mMUK/T